00539nam a2200181Ia 4500003000400000008004100004020001500045040001600060082001300076100002100089245005600110700002000166260004800186300002100234650002400255650003700279650004100316GCL140319s9999 xx 000 0 eng d a082134997X aGCL / cGCL04a382bH D1 aHOEKMAN, BERNARD10aDEVELOPMENT, TRADE AND THE WTO / cHOEKMAN, BERNARD1 aMATTOO, AADITYA aنيويورك : bTHE WORLD BANK ، c2002 a26 CM ؛ c641 P04aINTERNATIONAL TRADE04aINTERNATIONAL ECONOMIC RELATIONS04aWORLD TRADE ORGANIZATION - HANDBOOKS